| 000 | 00630nab a2200205 a 4500 | ||
|---|---|---|---|
| 005 | 20210219161639.0 | ||
| 008 | 991125s1985 mx 000 0 spa u | ||
| 035 | _aUPN01000189036 | ||
| 100 | 1 | _aCook Sather, Alison | |
| 222 | _aREVISTA DE EDUCACION | ||
| 245 | _aAmplifying student voices in higher education : democratizing teaching and learning through changing the acoustic on a college campus | ||
| 260 | _aMadrid, EspaƱa | ||
| 300 | _a184-204 | ||
| 362 | 0 | _a2012 No. 359, sept.-dic. | |
| 653 | 0 | _aEDUCACION SUPERIOR | |
| 653 | 0 | _aCOLABORACION | |
| 653 | 0 | _aDIALOGO | |
| 653 | 0 | _aDEMOCRACIA | |
| 905 | _aArticulo | ||
| 999 |
_c161139 _d161139 |
||